000 00362nam a2200145 i 4500
001 bg
245 0 _aAnaliz poluprovodnikovych splavov /
_cpod red. V. A. Oboločnika.
260 _aMoskva,
_c1975.
700 1 _aOboločnik, V. A.
_eRed.
040 _cBPK
041 _apol
080 _a543.7:546.2
942 _cKS
008 s pl f |000 0 pol
999 _c16666
_d16666
856 _uhttp://koha.tu.koszalin.pl/cgi-bin/koha/opac-detail.pl?biblionumber=16666
_yKatalog online BPK